| 000 | 00471nam a2200157Ia 4500 | ||
|---|---|---|---|
| 008 | 140925s9999 xx 000 0 und d | ||
| 245 |
_aNursing Inquiry / _h[electronic resource] |
||
| 260 |
_bJohn Wiley & Sons, Inc., _cc2013. |
||
| 516 | _aElectronic text | ||
| 650 | _aInquiries. | ||
| 650 | _aNursing. | ||
| 830 | _aJohn Wiley & Sons, Inc. | ||
| 856 | _uhttp://onlinelibrary.wiley.com/doi/10.1111/nin.2014.21.issue-1/issuetoc | ||
| 942 | _cEJ | ||
| 999 |
_c275675 _d275675 |
||